|
|
|
|
| LEADER |
01579cas a2200253 a 4500 |
| 001 |
AALejournalIMF011409 |
| 008 |
230101c9999 xx r poo 0 0eng d |
| 020 |
|
|
|c 5.00 USD
|
| 020 |
|
|
|z 9781463925284
|
| 022 |
|
|
|a 1018-5941
|
| 040 |
|
|
|a BD-DhAAL
|c BD-DhAAL
|
| 100 |
1 |
|
|a Kovanen, Arto.
|
| 245 |
1 |
0 |
|a On the Stability of Money Demand in Ghana :
|b A Bounds Testing Approach /
|c Arto Kovanen, Jihad Dagher.
|
| 264 |
|
1 |
|a Washington, D.C. :
|b International Monetary Fund,
|c 2011.
|
| 300 |
|
|
|a 1 online resource (18 pages)
|
| 490 |
1 |
|
|a IMF Working Papers
|
| 500 |
|
|
|a <strong>Off-Campus Access:</strong> No User ID or Password Required
|
| 500 |
|
|
|a <strong>On-Campus Access:</strong> No User ID or Password Required
|
| 506 |
|
|
|a Electronic access restricted to authorized BRAC University faculty, staff and students
|
| 520 |
3 |
|
|a This paper adopts the bounds testing procedure developed by Pesaran and others (2001) to test the stability of the long-run money demand for Ghana. The results provide strong evidence for the presence of a stable, well-identified long-run money demand during a period of substantial changes in the financial markets. The empirical evidence points to complex dynamics between money demand and its determinants while suggesting that deviations from the equilibrium are rather short-lived.1.
|
| 538 |
|
|
|a Mode of access: Internet
|
| 700 |
1 |
|
|a Dagher, Jihad.
|
| 830 |
|
0 |
|a IMF Working Papers; Working Paper ;
|v No. 2011/273
|
| 856 |
4 |
0 |
|z Full text available on IMF
|u http://elibrary.imf.org/view/journals/001/2011/273/001.2011.issue-273-en.xml
|z IMF e-Library
|